Breve historia de las fronteras de Chile
Na minha lista:
| Autor principal: | |
|---|---|
| Formato: | Livro |
| Idioma: | espanhol |
| Publicado em: |
Santiago
Universitaria
1990
|
| Edição: | 19a. ed |
| coleção: | Imagen de Chile
|
| Assuntos: | |
| Tags: |
Adicionar Tag
Sem tags, seja o primeiro a adicionar uma tag!
|
MARC
| LEADER | 00000nam a2200000 a 4500 | ||
|---|---|---|---|
| 001 | UCH3875 | ||
| 003 | CL-VaPUC | ||
| 008 | 090818e19900000CL |||||||||||||||||spa|d | ||
| 082 | 0 | 4 | |a 327.83 |b EYZ |2 21 |
| 100 | |a Eyzaguirre Gutiérrez, Jaime |e autor |9 584583 | ||
| 245 | 1 | 0 | |a Breve historia de las fronteras de Chile |
| 250 | |a 19a. ed | ||
| 300 | |a 111 p | ||
| 942 | |c BK | ||
| 945 | |d 20090818 00:00:00 |a lazolas | ||
| 260 | |a Santiago |b Universitaria |c 1990 | ||
| 650 | 0 | |a Límites |9 255439 | |
| 650 | 0 | |a Relaciones Exteriores |9 255379 | |
| 651 | 7 | |a CHILE |2 CL-VaPUC |9 539294 | |
| 583 | |a last modification |c 20090818 00:00:00 |k Rodrigo Vera | ||
| 490 | 0 | |a Imagen de Chile | |
| 999 | |c 335279 |d 335277 | ||